Methods of Engineering Mathematics /

Gespeichert in:
Bibliographische Detailangaben
Hauptverfasser: Haug, Edward (Verfasst von), Choi, Kyung K (Verfasst von)
Format: Buch
Sprache:Englisch
Veröffentlicht: Englewood Cliffs : Prentice Hall, 1993
Tags: Tag hinzufügen
Keine Tags, Fügen Sie das erste Tag hinzu!

MARC

LEADER 00000nam a22000003a 4500
001 stu22002
005 20150617225751.3
008 931210s1993----xxu-----------------eng-d
020 |a 0-13-579061-1 
040 |a STU  |b slo 
041 0 |a eng 
044 |a xxu 
080 |a 512.64 
100 1 |a Haug, Edward  |4 aut 
245 1 |a Methods of Engineering Mathematics /  |c [aut.]Haug,Edward, Choi,Kyung K 
260 |a Englewood Cliffs :  |b Prentice Hall,  |c 1993 
300 |a 585 s :  |b Tab.,grafy,index 
700 1 |a Choi, Kyung K  |4 aut 
996 |b C92326  |c C*92326  |l CCXXXI  |s P  |a 0  |w stu22002_0001